Produtividade e fontes de crescimento da agricultura brasileira (Registro n. 327633)
[ somente texto ]
| 000 -LÍDER | |
|---|---|
| campo de controle de tamanho fixo | 01032naa a22003017a 4500 |
| 001 - NÚMERO DE CONTROLE | |
| campo de controle | BR0903485 |
| 003 - IDENTIFICADOR DO NÚMERO DE CONTROLE | |
| campo de controle | BR-BrBNA |
| 005 - DATA E HORÁRIO DA ÚLTIMA TRANSAÇÃO | |
| campo de controle | 20240918181937.0 |
| 007 - CAMPO FIXO DE DESCRIÇÃO FÍSICA--INFORMAÇÃO GERAL | |
| campo de controle de tamanho fixo | ta |
| 008 - CAMPO DE DADOS FIXOS--INFORMAÇÃO GERAL | |
| campo de controle de tamanho fixo | 230509b bl.||||| |||| 00| 0 por d |
| 040 ## - FONTE DA CATALOGAÇÃO | |
| Instituição da catalogação original | BR-BrBNA |
| Idioma da catalogação | por |
| Instituição que transcreveu o registro | Biblioteca Nacional de Agricultura |
| 072 ## - CÓDIGO DE CATEGORIA DE ASSUNTO | |
| Código de Categoria de Assunto | E16; E13 |
| 090 ## - NÚMERO DE CHAMADA LOCAL | |
| Número de chamada | E16 BR0903485 |
| 100 1# - ENTRADA PRINCIPAL--NOME PESSOAL | |
| Nome pessoal | Gasquez, J.G. |
| 100 1# - ENTRADA PRINCIPAL--NOME PESSOAL | |
| Nome pessoal | Bastos, E.R. |
| 100 1# - ENTRADA PRINCIPAL--NOME PESSOAL | |
| Nome pessoal | Bacchi, M.R.P. |
| 245 1# - TÍTULO | |
| Título | Produtividade e fontes de crescimento da agricultura brasileira |
| Restante do título | capítulo 11 |
| 260 3# - PUBLICAÇÃO, DISTRIBUIÇÃO, ETC. | |
| Local de publicação, distribuição, etc. | Brasília, DF (Brasil): |
| Data da publicação, distribuição, etc. | 2008. |
| 500 ## - NOTA GERAL | |
| Nota geral | Políticas de incentivo à inovação tecnológica no Brasil<br/>Brasília, DF (Brasil): 2008. <br/>(BR0903485-AM)E16<br/> |
| 650 ## - ASSUNTO--TERMO TÓPICO | |
| Cabeçalho tópico ou nome geográfico | AGRICULTURA |
| 650 ## - ASSUNTO--TERMO TÓPICO | |
| Cabeçalho tópico ou nome geográfico | CRESCIMENTO ECONÔMICO |
| 650 ## - ASSUNTO--TERMO TÓPICO | |
| Cabeçalho tópico ou nome geográfico | PRODUTIVIDADE |
| 650 ## - ASSUNTO--TERMO TÓPICO | |
| Cabeçalho tópico ou nome geográfico | CRÉDITO RURAL |
| 650 ## - ASSUNTO--TERMO TÓPICO | |
| Cabeçalho tópico ou nome geográfico | MODELO MATEMÁTICO |
| 773 0# - ENTRADA ANALÍTICA | |
| Título | Políticas de incentivo à inovação tecnológica no Brasil |
| Número de controle do registro | E16 BR0903485 |
| Partes relacionadas | Brasília, DF (Brasil), 2008. |
| 909 ## - | |
| -- | 202404 |
| -- | Lucia |
| -- | 55 |
| -- | Lucia Elande |
| 942 ## - ELEMENTOS DE ENTRADA ADICIONADOS (KOHA) | |
| Tipo de material Koha | Capítulo-Livro |
| Fonte da classificação ou esquema de arquivamento na estante | Classificação AGRIS |
| Situação do descarte | Fonte da classificação ou esquema de arquivamento na estante | Situação física | Não pode ser emprestado | Coleção | Biblioteca de origem | Biblioteca atual | Localização na estante | Total de empréstimos | Número de telefone completo | Data de último acesso | Número do exemplar | Tipo de material Koha | Situação das perdas | Data de aquisição | Fonte de aquisição |
|---|---|---|---|---|---|---|---|---|---|---|---|---|---|---|---|
| Classificação AGRIS | Biblioteca Nacional de Agricultura - Binagri | Biblioteca Nacional de Agricultura - Binagri | Agrobase - Acervo Geral | E14 BR0903484 | 20/05/2024 | 01 | Capítulo-Livro | 2024-04-11 | Portaria Interministerial nº 164/94 |

BINAGRI